000 01226nam a22002297a 4500
003 AM-YeHGA
005 20250617153818.0
008 180125s1962 ru ||||| |||| 00| 0 rus d
040 _aAM-YeHGA
041 0 _arus
245 0 0 _aМинеральные воды южной части Восточной Сибири/
_cПод общей ред. Н.А. Власова и др.; АН СССР Сибирское отд-е Восточно-Сибирский ин-т.
260 _aМосква;
_aЛенинград :
_bИзд-во АН СССР,
_c1962.
300 _aтом
505 1 0 _gТ. 2 (1962, 200 с.,[2] отд.л. карт.) :
_tМинеральные источники, скважины, вскрывающие минеральные воды, и минеральные озера(каталоги)
653 0 _aМинеральные воды - Восточная Сибирь
700 1 _aВласов, Н.А.
_eред.
_4edt
700 1 _aТкачук, В.Г.
_eред.
_4edt
700 1 _aТолстихин, Н.И.
_eред.
_4edt
710 2 _aВосточно-Сибирский геологический ин-т АН СССР Сибирское отд-е.
942 _2udc
_cBK
090 _c400643
999 _c398520
_d398520